Top 10 most listened artists in 2025 - Statistics

General Stats
  • This quiz has been taken 70 times
  • The average score is 5 of 10
Answer Stats
Hint Answer % Correct
1. Bad Bunny
93%
2. Taylor Swift
88%
4. Drake
78%
6. Kendrick Lamar
60%
3. The Weeknd
57%
8. Ariana Grande
43%
7. Bruno Mars
43%
5. Billie Eilish
33%
10. Fuerza Regida
3%
9. Arijit Singh
2%
No matching quizzes found
Score Distribution
Percent of People with Each Score
Percentile by Number Answered
Your Score History
You have not taken this quiz